书目信息 |
| 题名: |
诗经·楚辞
|
|
| 作者: | 沐言非 编著 | |
| 分册: | ||
| 出版信息: | 北京 中国华侨出版社 2016 |
|
| 页数: | 370页 | |
| 开本: | 25cm | |
| 丛书名: | ||
| 单 册: | ||
| 中图分类: | I222.2 , I222.3 | |
| 科图分类: | ||
| 主题词: | 楚辞--注释 , 古体诗--诗集--中国--春秋时代 | |
| 电子资源: | ||
| ISBN: | 978-7-5113-6316-9 | |
| 000 | 00846nam0 2200277 450 | |
| 001 | 012001002117 | |
| 005 | 20140926114740.0 | |
| 010 | @a978-7-5113-6316-9@dCNY59.00 | |
| 100 | @a20170215d2016 em y0chiy50 ea | |
| 101 | 0 | @achi |
| 102 | @aCN@b110000 | |
| 105 | @aa z 000gy | |
| 106 | @ar | |
| 200 | 1 | @a诗经·楚辞@9shi jing · chu ci@f沐言非编著 |
| 210 | @a北京@c中国华侨出版社@d2016 | |
| 215 | @a370页@c图@d25cm | |
| 300 | @a超值全彩国学馆 | |
| 330 | @a本书是《诗经》和《楚辞》的合集,收录《诗经》和《楚辞》中的经典作品。书中对每篇作品进行了全解和详注,同时配以图片。 | |
| 605 | @a《诗经》@x注释 | |
| 606 | 0 | @a楚辞@x注释 |
| 606 | 0 | @a古体诗@x诗集@y中国@z春秋时代 |
| 690 | @aI222.2@v5 | |
| 690 | @aI222.3@v5 | |
| 701 | 0 | @a沐言非@9mu yan fei@4编著 |
| 801 | 0 | @aCN@b上海新华@c20180901 |
| 905 | @b1160136-40@dI222.2@e664@f5 | |
| 诗经·楚辞/沐言非编著.-北京:中国华侨出版社,2016 |
| 370页:图;25cm |
| 超值全彩国学馆 |
| ISBN 978-7-5113-6316-9:CNY59.00 |
| 本书是《诗经》和《楚辞》的合集,收录《诗经》和《楚辞》中的经典作品。书中对每篇作品进行了全解和详注,同时配以图片。 |
| ● |
| 相关链接 |
|
|
|
|
正题名:诗经·楚辞
索取号:I222.2/664
 
预约/预借
| 序号 | 登录号 | 条形码 | 馆藏地/架位号 | 状态 | 备注 |
| 1 | 1160136 | 211601364 | 第一样本阅览室/ [索取号:I222.2/664] | 在馆 | |
| 2 | 1160137 | 211601373 | 第二借阅区/ [索取号:I222.2/664] | 在馆 | |
| 3 | 1160138 | 211601382 | 第二借阅区/ [索取号:I222.2/664] | 在馆 | |
| 4 | 1160139 | 211601391 | 第二借阅区/ [索取号:I222.2/664] | 在馆 | |
| 5 | 1160140 | 211601408 | 密集书库-文学院/ [索取号:I222.2/664] | 在馆 |